[Event "Elista ol (Men)"]
[Site "Elista"]
[Date "1998.10.12"]
[Round "13"]
[White "Poddubny, Viktor"]
[Black "Kanengoni, Arnold T"]
[Result "1-0"]
[WhiteElo "2290"]
[BlackElo "2215"]

1.e4 c5 2.c3 Nf6 3.e5 Nd5 4.d4 cxd4 5.Nf3 Nb6 6.cxd4 d5 7.exd6 Qxd6 8.Be2 g6
9.O-O Bg7 10.h3 O-O 11.a4 Nc6 12.a5 Nd5 13.Nc3 Nf4 14.Bc4 Nh5 15.Re1 Qd8
16.Bg5 Nf6 17.Ne5 Nxd4 18.Qa4 Nf5 19.Rad1 Nd6 20.a6 Qc7 21.Rxd6 exd6 22.Nxf7 h5
23.Bxf6 Bxf6 24.Nb5  1-0

[Event "Elista ol (Men)"]
[Site "Elista"]
[Date "1998.10.12"]
[Round "13"]
[White "Kozak, Alexander"]
[Black "Bistric, Faruk"]
[Result "0-1"]
[WhiteElo "2335"]
[BlackElo "2435"]

1.e4 c5 2.c3 Nf6 3.e5 Nd5 4.d4 cxd4 5.Nf3 Nc6 6.Bc4 Nc7 7.cxd4 d5 8.exd6 exd6
9.O-O d5 10.Bd3 Bg4 11.Qe1+ Be7 12.Ne5 Bd7 13.Nxc6 Bxc6 14.Nc3 O-O 15.Be3 Bd6
16.Qd2 Ne6 17.f4 f5 18.g3 Qd7 19.Qg2 Nc7 20.Rfe1 Rf7 21.Qc2 Kh8 22.Re2 Ne8
23.Rae1 Bc7 24.Nb1 Nd6 25.Bd2 Ne4 26.Bc3 g5 27.fxg5 Nxg5 28.Rf1 f4 29.gxf4 Bxf4
30.Rg2 Raf8 31.Kh1 Qh3 32.Nd2 Bxh2 33.Rxf7 Bf4+ 34.Kg1 Be3+ 35.Rff2 Rxf2
36.Rxf2 Qg3+ 37.Kh1 Bxf2  0-1

[Event "Nordre Efteraar"]
[Site "Aarhus"]
[Date "1998.10.17"]
[Round "8"]
[White "Pedersen, Daniel Vesterbaek"]
[Black "Hellegaard, Carsten"]
[Result "1/2-1/2"]
[WhiteElo "2260"]
[BlackElo "2275"]

1.e4 c5 2.c3 Nf6 3.e5 Nd5 4.d4 cxd4 5.Nf3 e6 6.cxd4 b6 7.Bd3 Bb7 8.O-O Be7
9.Nc3 Nxc3 10.bxc3 Qc7 11.Bf4 d6 12.Re1 Nd7 13.d5 Bxd5 14.Bb5 Bxf3 15.exd6 Qb7
16.gxf3  1/2-1/2

[Event "SWE-chT 9899"]
[Site "Sweden"]
[Date "1998.10.17"]
[Round "2"]
[White "Eriksson, Mats"]
[Black "Holst, Conny"]
[Result "1-0"]
[WhiteElo "2260"]
[BlackElo "2225"]

1.e4 c5 2.c3 Nf6 3.e5 Nd5 4.d4 cxd4 5.Nf3 e6 6.cxd4 b6 7.Nc3 Nxc3 8.bxc3 Qc7
9.Bd2 Bb7 10.Bd3 d6 11.O-O Nd7 12.Re1 dxe5 13.Nxe5 Nxe5 14.Rxe5 Bd6 15.Rh5 g6
16.Rh3 O-O 17.Bg5 Qc6 18.Bf1 f6 19.Bh6 Rf7 20.Qb3 Rc8 21.Re1 Re7 22.Rhe3 Kf7
23.c4 Rcc7 24.h4 a5 25.Rxe6 Rxe6 26.d5 Qxd5 27.cxd5 Rxe1 28.Qxb6 Rd7 29.Qxa5 Rb1
30.Qa4 Re7 31.Be3 Bxd5 32.Qc2 Be4 33.Qc4+ Kg7 34.Bd4 Rb4 35.Qc3 Rc7 36.Bxf6+ Kf7
37.Qd2 Bf8 38.Qf4 Rc5 39.Bc3+ Rf5 40.Qc7+ Ke6 41.Bxb4 Bxb4  1-0

[Event "Szeged TT10 IM"]
[Site "Szeged"]
[Date "1998.10.17"]
[Round "3"]
[White "Dovzik, Juri"]
[Black "Grechanovskaya, Elena"]
[Result "1-0"]
[WhiteElo "2390"]
[BlackElo "2150"]

1.e4 c5 2.c3 Nf6 3.e5 Nd5 4.d4 cxd4 5.Nf3 e6 6.cxd4 b6 7.Nc3 Nxc3 8.bxc3 Qc7
9.Bd2 Bb7 10.Bd3 d6 11.O-O Nd7 12.Re1 dxe5 13.Nxe5 Nxe5 14.Rxe5 O-O-O 15.Be4 Bd6
16.Bxb7+ Qxb7 17.Rb5 Qc7 18.h3 Qc6 19.a4 Rhg8 20.Rab1 g5 21.a5 Bc7 22.axb6 axb6
23.Qe2 h5 24.Rxg5 Rxg5 25.Bxg5 Rg8 26.Qa6+ Kb8 27.Qb5 Qe4 28.f3 Qg6 29.h4 f6
30.Ra1 Kc8 31.Qc6  1-0

[Event "BEL-chT9899"]
[Site "Antwerp"]
[Date "1998.10.18"]
[Round "1"]
[White "Lemmers, Oscar"]
[Black "Gommers, Ralf"]
[Result "1-0"]
[WhiteElo "2380"]
[BlackElo "2325"]

1.e4 c5 2.c3 Nf6 3.e5 Nd5 4.d4 cxd4 5.Nf3 d6 6.Bc4 e6 7.cxd4 Nc6 8.O-O Nb6
9.Bb3 Qc7 10.Nc3 a6 11.Re1 dxe5 12.Nxe5 Nxe5 13.dxe5 Bd7 14.Qg4 h5 15.Qf4 Bc6
16.Ne4 Nd5 17.Bxd5 Bxd5 18.Nd6+ Bxd6 19.exd6 Qd7 20.Qg5 Qxd6 21.Bf4 Qb4 22.Qxg7 Rf8
23.Qe5 Rd8 24.a3 Qa4 25.Rad1 Qc4 26.Rc1 Qa4 27.Rc7 Rg8 28.Bg5 Qg4 29.Re7+ Kf8
30.Rxf7+  1-0

[Event "VAM Hoogeveen op"]
[Site "Hoogeveen"]
[Date "1998.10.21"]
[Round "6"]
[White "Adamson, Robby"]
[Black "Wunnink, Michael"]
[Result "1/2-1/2"]
[WhiteElo "2310"]
[BlackElo "2105"]

1.e4 c5 2.c3 Nf6 3.e5 Nd5 4.d4 cxd4 5.Nf3 Nc6 6.cxd4 d6 7.Bc4 Nb6 8.Bb5 dxe5
9.Nxe5 Bd7 10.Nxd7 Qxd7 11.Nc3 Rd8 12.O-O e6 13.Qf3 Be7 14.Be3 O-O 15.Rfd1 a6
16.Bxc6 Qxc6 17.Qxc6 bxc6 18.Rac1 Rd7 19.Rc2 Rc8 20.Rdc1 Rb7 21.b3 Ba3 22.Rd1 Bb4
23.Nb1 Nd5 24.Rdc1 Rbc7 25.Bd2 Bxd2 26.Rxd2 c5 27.Rc4  1/2-1/2

[Event "Najdorf op"]
[Site "Buenos Aires"]
[Date "1998.10.24"]
[Round "1"]
[White "Maggiolo, Elisa"]
[Black "Spangenberg, Hugo"]
[Result "0-1"]
[WhiteElo "2130"]
[BlackElo "2520"]

1.e4 c5 2.c3 Nf6 3.e5 Nd5 4.d4 cxd4 5.Nf3 Nc6 6.cxd4 d6 7.Bc4 Nb6 8.Bb5 dxe5
9.Nxe5 Bd7 10.Bxc6 Bxc6 11.Nxc6 bxc6 12.O-O e6 13.Nc3 Be7 14.Qf3 Nd5 15.Nxd5 Qxd5
16.Qxd5 cxd5 17.Be3 Kd7 18.Rfc1 Rhb8 19.Rc2 Rb4 20.Rac1 Bd6 21.Kf1 Rab8 22.b3 a5
23.Bd2 Rxd4 24.Bxa5 Ra8 25.Bc3 Rh4 26.Bxg7 Rxh2 27.Kg1 Rg8 28.g3 Bxg3 29.fxg3 Rxc2
30.Rxc2 Rxg7 31.Kf2 Rg4 32.a3 h5 33.Kf3 f5 34.Rh2 Rd4 35.Ke3 Re4+ 36.Kd3 Rg4
37.Rxh5 Rxg3+ 38.Kc2 f4 39.Rh7+ Kd6 40.a4 e5 41.Rf7 Rg2+ 42.Kb1 d4 43.Rf8 Ke7  0-1

[Event "Wch U16"]
[Site "Oropesa del Mar"]
[Date "1998.10.26"]
[Round "2"]
[White "Szabo, Gergely"]
[Black "Grischuk, Alexander"]
[Result "0-1"]
[WhiteElo "2225"]
[BlackElo "2490"]

1.e4 c5 2.c3 Nf6 3.e5 Nd5 4.d4 cxd4 5.Nf3 Nc6 6.Bc4 Nb6 7.Bb3 g6 8.cxd4 Bg7
9.Nc3 O-O 10.O-O d6 11.exd6 Qxd6 12.Nb5 Qd7 13.Be3 Na5 14.a4 Nxb3 15.Qxb3 Nd5
16.Rac1 b6 17.Ne5 Qb7 18.Qc4 Be6 19.Qc6 Rab8 20.Qxb7 Rxb7 21.Nc6 Ra8 22.Nc3 Rd7
23.Rfe1 Kf8 24.Ne5 Bxe5 25.dxe5 Nxe3 26.Rxe3 Rd2 27.Nb5 Rad8 28.h3 Rxb2 29.Nxa7 Rdd2
30.Rf3 Bd5 31.Rf4 g5 32.Rf5 h6 33.Re1 Kg7 34.Nb5 Kg6 35.g4 Re2 36.Rd1 Rbd2
37.Rxd2 Rxd2 38.Nc3 Bc6 39.e6 fxe6  0-1

[Event "Pan American"]
[Site "San Felipe"]
[Date "1998.10.26"]
[Round "2"]
[White "Sequera, Jose"]
[Black "Leitao, Rafael"]
[Result "1-0"]
[WhiteElo "2340"]
[BlackElo "2550"]

1.e4 c5 2.c3 Nf6 3.e5 Nd5 4.d4 cxd4 5.cxd4 e6 6.Nf3 d6 7.a3 Bd7 8.Bd3 Bc6
9.O-O Nd7 10.b4 a6 11.Re1 Be7 12.Nbd2 Nf4 13.Bf1 dxe5 14.Nc4 Ng6 15.dxe5 O-O
16.Bb2 Qb8 17.Nd4 Bd5 18.Ne3 Ndxe5 19.Nxd5 exd5 20.Nf3 Bf6 21.Nxe5 Nxe5 22.Bd4 Nd7
23.Ra2 Qd6 24.Rd2 Rac8 25.Be3 Nb6 26.Bc5 Rxc5 27.bxc5 Qxc5 28.Rd3 Bc3 29.Qc2 d4
30.Rh3 h6 31.Re4 Nd5 32.Re5 Qd6 33.Qf5 Ne7 34.Qe4 f5 35.Re6 fxe4 36.Rxd6 Be1
37.Bc4+ Kh8 38.f3 Nf5 39.Rd7 Rc8 40.fxe4 Ne3 41.Bf1 Rc1 42.Rf3 Bd2 43.g3 Ng4
44.Rf8+ Kh7 45.Rff7 Be3+ 46.Kg2 Rc2+ 47.Kh3 h5 48.Rxg7+ Kh6 49.Rh7+ Kg6 50.Rdg7+ Kf6
51.e5+ Nxe5 52.Rxb7 d3 53.Rxh5 d2 54.Be2 Rc1 55.Rb3 Re1 56.Rxe3 Rxe2 57.Rxe2 d1=Q
58.Rhxe5 Qf1+ 59.Kh4 Qc1 60.Re6+ Kf7 61.R2e3 Qc2 62.Kh3 Qf2 63.R6e4 Qf1+
64.Kg4 Qd1+ 65.Rf3+ Kg7 66.Rf4 Qd7+ 67.Rf5 Qd4+ 68.Kh3 Qd2 69.R3f4 Qd7 70.a4 Kg6
71.g4 Qd3+ 72.Kh4 Qd2 73.Rf6+ Kg7 74.h3 Qe1+ 75.Kh5 Qb1 76.Rf7+ Kg8 77.Rf8+  1-0

[Event "Wch U16 Girls"]
[Site "Oropesa del Mar"]
[Date "1998.10.27"]
[Round "3"]
[White "Sales Montealegre, Raquel"]
[Black "Gara, Anita"]
[Result "0-1"]
[WhiteElo "2130"]
[BlackElo "2290"]

1.e4 c5 2.c3 Nf6 3.e5 Nd5 4.d4 cxd4 5.Nf3 Nc6 6.Bc4 Nb6 7.Bb3 d5 8.exd6 Qxd6
9.cxd4 Be6 10.Na3 Bxb3 11.Qxb3 e6 12.O-O Be7 13.Be3 O-O 14.Rfd1 Rfd8 15.Rac1 Rac8
16.d5 Na5 17.Qb5 Rxc1 18.Bxc1 Nc6 19.Be3 Nxd5 20.Qxb7 Rb8 21.Qa6 Bf6 22.b3 Qc7
23.Bg5 Nc3 24.Rc1 Nb4 25.Qc4 Qxc4 26.bxc4 Ne2+ 27.Kf1 Nxc1 28.Bxc1 Nxa2 29.Bf4 Rb3
30.Nb5 a5 31.Nd6 Rb1+ 32.Ke2 a4 33.c5 Nc3+ 34.Kd2 Nd5 35.Bg3 a3  0-1

[Event "Wch U16"]
[Site "Oropesa del Mar"]
[Date "1998.10.27"]
[Round "3"]
[White "Ghaem Maghami, Eshan"]
[Black "Kanep, Meelis"]
[Result "1-0"]
[WhiteElo "2360"]
[BlackElo "2145"]

1.e4 c5 2.c3 Nf6 3.e5 Nd5 4.Nf3 e6 5.d4 cxd4 6.cxd4 b6 7.Nc3 Nxc3 8.bxc3 Bb7
9.Bd3 Be7 10.Bf4 O-O 11.Qc2 h6 12.Qd2 f5 13.exf6 Rxf6 14.Ne5 Nc6 15.O-O Nxe5
16.Bxe5 Rf8 17.Rae1 Bf6 18.Bd6 Be7 19.Bg3 Qc8 20.c4 a5 21.Qe3 Bb4 22.Rc1 Qd8
23.Bb1 a4 24.Qd3 Rf5 25.Qe2 Rf7 26.Qc2 Rf5 27.Qb2 Be7 28.Bxf5 exf5 29.c5 Qf8  1-0

[Event "Panormo zt"]
[Site "Panormo"]
[Date "1998.10.27"]
[Round "4"]
[White "Tsichlis, Georgios"]
[Black "Nikolaidis, Konstantinos"]
[Result "1/2-1/2"]
[WhiteElo "2145"]
[BlackElo "2335"]

1.e4 c5 2.c3 Nf6 3.e5 Nd5 4.d4 cxd4 5.Nf3 Nc6 6.cxd4 d6 7.Bc4 e6 8.O-O Be7
9.Qe2 O-O 10.Nc3 Nxc3 11.bxc3 dxe5 12.dxe5 Qc7 13.Qe4 b6 14.Bg5 Bxg5 15.Nxg5 g6
16.Qh4 h5 17.f4 Ne7 18.Be2 Qc5+ 19.Kh1 Nf5 20.Qh3 Nh6 21.Bf3 Ba6 22.Ne4 Qa3
23.Rg1 Kg7 24.Qh4 Nf5 25.Qf6+ Kg8 26.Qg5 Kg7 27.Nf6 Rac8 28.Nxh5+ Kh7 29.g4 Qxc3
30.Bg2 Nh6 31.Qf6 Rg8 32.g5 Ng4 33.Qxf7+ Kh8 34.h3 Rcf8 35.Qxe6 gxh5 36.hxg4 Rg7
37.Qh6+ Kg8 38.Qe6+ Kh8 39.Qh6+ Kg8 40.Bd5+ Rff7 41.Bxf7+ Rxf7 42.Qg6+ Kf8
43.Qd6+  1/2-1/2

[Event "Najdorf op"]
[Site "Buenos Aires"]
[Date "1998.10.29"]
[Round "6"]
[White "Gomez Baillo, Jorge H"]
[Black "Urday, Henry"]
[Result "1-0"]
[WhiteElo "2445"]
[BlackElo "2475"]

1.e4 c5 2.c3 Nf6 3.e5 Nd5 4.Nf3 e6 5.Bc4 Nb6 6.Bb3 Nc6 7.d4 cxd4 8.cxd4 d6
9.exd6 Bxd6 10.O-O O-O 11.Nc3 Be7 12.Qd3 Bf6 13.Rd1 Nb4 14.Qe4 N4d5 15.h4 g6
16.h5 Re8 17.Ne5 Bg7 18.hxg6 hxg6 19.Qf3 Rf8 20.Ne4 f5 21.Nc5 Bxe5 22.dxe5 Qe7
23.Qg3 Kf7 24.Nd3 Bd7 25.Bg5 Qe8 26.Nf4 Nxf4 27.Qxf4 Rh8 28.Rd6 Rc8 29.Rad1 Rh7
30.R1d4 Rc7 31.Qd2 Qc8 32.a4 Ke8 33.Rxe6+ Bxe6 34.Rd8+ Kf7 35.Rxc8 Rxc8 36.Bxe6+ Kxe6
37.Qd6+ Kf7 38.a5  1-0

[Event "Wch U16"]
[Site "Oropesa del Mar"]
[Date "1998.10.29"]
[Round "4"]
[White "Khamrakulov, Ibragim S"]
[Black "Sebenik, Matej"]
[Result "1-0"]
[WhiteElo "2315"]
[BlackElo "2155"]

1.e4 c5 2.c3 Nf6 3.e5 Nd5 4.Nf3 Nc6 5.d4 cxd4 6.cxd4 d6 7.Bc4 Nb6 8.Bb3 dxe5
9.d5 Na5 10.Nc3 Nxb3 11.Qxb3 e6 12.Nxe5 Bd6 13.Qb5+ Ke7 14.dxe6 Bxe6 15.Bf4 Bxe5
16.Qxe5 f6 17.Qe4 Qd7 18.O-O Kf7 19.Rad1 Qc6 20.Qb1 Nc4 21.Rc1 Rac8 22.Ne4 Rcd8
23.b3 Rd4 24.f3 f5 25.Ng5+ Kg6 26.Be3 Nxe3 27.Rxc6 bxc6 28.Nxe6 Rd2 29.Re1 Nc2
30.Re2 Rhd8 31.Rxd2 Rxd2 32.Qc1  1-0

[Event "Wch U16"]
[Site "Oropesa del Mar"]
[Date "1998.10.31"]
[Round "6"]
[White "Khamrakulov, Ibragim S"]
[Black "Dziuba, Marcin"]
[Result "1-0"]
[WhiteElo "2315"]
[BlackElo "2280"]

1.e4 c5 2.c3 Nf6 3.e5 Nd5 4.Nf3 e6 5.Bc4 d6 6.d4 cxd4 7.cxd4 Nd7 8.O-O N7b6
9.Bb3 Bd7 10.Nc3 Nxc3 11.bxc3 d5 12.Ng5 h6 13.Nh3 Qc7 14.Qf3 Bb5 15.Re1 g5
16.a4 Bc4 17.Bc2 a5 18.Qh5 Ba6 19.Bxg5 Bg7 20.Bh4 Qxc3 21.Qg4 Bf8 22.Rac1 Qc6
23.Bf6 h5 24.Qg5 Bh6 25.Qxh5 Bg7 26.Qg4 Bxf6 27.exf6 Bc4 28.Bg6 O-O-O 29.Bxf7 Kb8
30.Rxe6 Qc7 31.Qg3 Nxa4 32.Qxc7+ Kxc7 33.Nf4 b5 34.g4 Nb6 35.Re7+ Rd7 36.g5 Rxe7
37.fxe7 Kd7 38.Re1  1-0

[Event "Chigorin mem"]
[Site "St. Petersburg"]
[Date "1998.11.01"]
[Round "2"]
[White "Potkin, Alexey V"]
[Black "Gassij, Oksana"]
[Result "0-1"]
[WhiteElo "2325"]
[BlackElo "2105"]

1.e4 c5 2.c3 Nf6 3.e5 Nd5 4.d4 cxd4 5.Nf3 e6 6.cxd4 Nc6 7.a3 d6 8.Bd3 dxe5
9.dxe5 Qc7 10.O-O a6 11.Qe2 Bc5 12.Qe4 b5 13.Nbd2 Bb7 14.Nb3 Ba7 15.Bd2 Qd7
16.Qg4 O-O-O 17.Rac1 f5 18.Qh3 Kb8 19.a4 bxa4 20.Nc5 Bxc5 21.Rxc5 Ndb4 22.Bc2 h6
23.Qh4 g5 24.Qc4 Nd3 25.Bxd3 Qxd3 26.Rxc6 Bxc6 27.Qxc6 Qb5 28.Qxb5+ axb5
29.Bc3 Rd5 30.Nd4 Re8 31.Re1 Kb7 32.Nc2 Red8 33.Kf1 Rc5 34.Re3 g4 35.Ke2 Rc4
36.Rd3 Re4+ 37.Kd2 Rxd3+ 38.Kxd3 Rf4 39.Bd4 h5 40.Nb4 h4 41.Kc3 h3 42.g3 Rf3+
43.Kd2 f4 44.gxf4 Rxf4 45.Ke3 Rf3+ 46.Ke4 g3 47.fxg3 Rxg3 48.Nd3 Rg2 49.Nc5+ Kc6
50.Nxe6 Rxh2 51.Nf4 Rh1 52.Nxh3 Rxh3 53.e6 Kd6 54.e7 Kxe7 55.Kd5 Rb3 56.Be5 Kd7
57.Bf6 Rf3 58.Bg7 Rf5+ 59.Kd4 Kc6 60.Kc3 Rf4 61.Be5 Rc4+ 62.Kd3 Kd5 63.Bf6 Rg4
64.Kc3 b4+  0-1

[Event "Chigorin mem"]
[Site "St. Petersburg"]
[Date "1998.11.01"]
[Round "2"]
[White "Afonin, Alexey"]
[Black "Vakin, Sergei"]
[Result "0-1"]
[WhiteElo "2235"]
[BlackElo "2360"]

1.e4 c5 2.c3 Nf6 3.e5 Nd5 4.d4 cxd4 5.Nf3 e6 6.cxd4 Nc6 7.Bc4 d6 8.O-O Be7
9.Qe2 O-O 10.Qe4 Ncb4 11.a3 Nb6 12.Bb3 d5 13.Qg4 Nd3 14.Bh6 g6 15.Bxf8 Qxf8
16.Ra2 h5 17.Qg3 Qh6 18.Ng5 Nxe5 19.Nxe6 Ng4 20.Nc7 h4 21.Qf3 Nxh2 22.Kxh2 Bd6+
23.Kh1 Bxc7 24.Nc3 Be6 25.Raa1 Kg7 26.Rac1 Bf4 27.Rce1 Qg5 28.Bd1 Nc4 29.Rxe6 fxe6
30.Qh3 Nxb2 31.Qxe6 Nxd1 32.Rxd1 Rd8 33.Re1 Bd2 34.Re5 Qf6 35.Qxf6+ Kxf6
36.Nxd5+ Kf7 37.g3 hxg3 38.fxg3 Bh6 39.Nc3 Rxd4 40.Nb5 Rd1+ 41.Kg2 a6 42.Nc7 Bf8
43.a4 Bd6 44.Rd5 Rxd5 45.Nxd5 Ke6 46.Ne3 Bc5 47.Ng4 b5 48.axb5 axb5 49.Kf3 b4
50.Ke4 Bd6 51.Ne3 Bxg3 52.Nc2 Bd6  0-1

[Event "Chigorin mem"]
[Site "St. Petersburg"]
[Date "1998.11.02"]
[Round "3"]
[White "Sivokho, Sergey"]
[Black "Vaulin, Alexander"]
[Result "1/2-1/2"]
[WhiteElo "2425"]
[BlackElo "2550"]

1.e4 c5 2.c3 Nf6 3.e5 Nd5 4.d4 cxd4 5.Nf3 e6 6.cxd4 d6 7.a3 Bd7 8.Bd3 Bc6
9.O-O Nd7 10.Re1 Rc8 11.b4 a6 12.Bg5 Be7 13.Bxe7 Qxe7 14.Nbd2 Nc3 15.Qc2 Nb6
16.Qxc3 Bxf3 17.Bb5+ axb5 18.Qxf3 d5 19.Qd3 Nc4 20.a4 Qxb4 21.Nf3 bxa4 22.Reb1 Qe7
23.Rxa4 O-O 24.Ra7 Rc7 25.Rba1 h6 26.Qb1 b6 27.Ra8 Rfc8 28.h4 Qd8 29.R8a6 Rb8
30.g3 Qf8 31.Ne1 f6 32.Nd3 fxe5 33.Nxe5 Nxe5 34.dxe5 Qc5 35.Qg6 Rf7 36.R1a2 Qc6
37.Rc2 Qd7 38.Rb2 Qc6 39.Rc2 Qd7 40.Rca2 Qe8 41.Rb2 Qc8 42.Raxb6 Qc1+ 43.Kg2 Rxb6
44.Rxb6 Rxf2+ 45.Kxf2 Qc5+ 46.Kg2 Qxb6 47.Qe8+ Kh7 48.h5 Qb2+ 49.Kh3  1/2-1/2

[Event "Wch U18"]
[Site "Oropesa del Mar"]
[Date "1998.11.03"]
[Round "8"]
[White "Mogilarov, Dimitar"]
[Black "Felgaer, Ruben"]
[Result "0-1"]
[WhiteElo "2090"]
[BlackElo "2335"]

1.e4 c5 2.c3 Nf6 3.e5 Nd5 4.d4 cxd4 5.Nf3 Nc6 6.Bc4 Nb6 7.Bb3 g6 8.Ng5 d5
9.exd6 e6 10.cxd4 h6 11.Ne4 Bg7 12.d5 exd5 13.Bxd5 Nxd5 14.Qxd5 Be6 15.Qd1 f5
16.Nec3 O-O 17.O-O Qd7 18.Be3 f4 19.Bc5 b6 20.Ba3 f3 21.gxf3 Nd4 22.Nd2 Bh3
23.Nce4 Rae8 24.Re1 Rxf3 25.Ng3 Rxe1+ 26.Qxe1 Rd3 27.Kh1 Rxd2 28.Qxd2 Qb7+
29.f3 Qxf3+ 30.Kg1 Ne2+  0-1

[Event "African Individual"]
[Site "Cairo"]
[Date "1998.11.04"]
[Round "3"]
[White "Hassan, Sayed Barakat"]
[Black "Henni, Mohamed"]
[Result "1-0"]
[WhiteElo "2330"]
[BlackElo "2375"]

1.e4 c5 2.c3 Nf6 3.e5 Nd5 4.d4 cxd4 5.Nf3 Nc6 6.cxd4 d6 7.exd6 Qxd6 8.Bc4 Qe6+
9.Be2 g6 10.Nc3 Nxc3 11.bxc3 Qd6 12.Ng5 h6 13.Ne4 Qd5 14.Bf3 Qc4 15.Be2 Qd5
16.Bf3 Qc4 17.Qb3 Na5 18.Qxc4 Nxc4 19.Rb1 e6 20.O-O g5 21.Re1 Be7 22.g3 Rb8
23.Nc5 Bxc5 24.dxc5 Kd8 25.Re4 Na5 26.Ra4  1-0

[Event "Wch U18"]
[Site "Oropesa del Mar"]
[Date "1998.11.04"]
[Round "9"]
[White "Vajda, Levente"]
[Black "Felgaer, Ruben"]
[Result "1-0"]
[WhiteElo "2480"]
[BlackElo "2335"]

1.e4 c5 2.c3 Nf6 3.e5 Nd5 4.d4 cxd4 5.Nf3 Nc6 6.Bc4 Nb6 7.Bb3 g6 8.Ng5 d5
9.exd6 e6 10.Ne4 h6 11.O-O Bg7 12.Re1 f5 13.Nc5 e5 14.d7+ Bxd7 15.cxd4 Qe7
16.Be3 e4 17.Nc3 O-O-O 18.Rc1 Kb8 19.Bf4+ Ka8 20.Bc7 Bxd4 21.Bxd8 Bxf2+ 22.Kxf2 Qxc5+
23.Kf1 Rxd8 24.Nd5 Qb5+ 25.Bc4 Qxb2 26.Rb1 Qd4 27.Qxd4 Nxd4 28.Red1 Nxc4
29.Rxd4 Ne5 30.Nc7+ Kb8 31.Na6+ Ka8 32.Nc5 b6 33.Nxd7 Rxd7 34.Rxd7 Nxd7 35.Rd1 Ne5
36.Rd6 Kb7 37.Re6 Ng4 38.h3 Ne3+ 39.Kf2 Nd5 40.Rxg6 h5 41.Rg5 b5 42.Rxh5 e3+
43.Kf3 b4 44.Rxf5 Kc6 45.Rxd5 Kxd5 46.Kxe3 a5 47.Kd3 a4 48.h4 Ke5 49.g4 Kf4
50.g5 Kf5 51.Kc4 b3 52.axb3  1-0

[Event "Wch U16"]
[Site "Oropesa del Mar"]
[Date "1998.11.04"]
[Round "9"]
[White "Szabo, Gergely"]
[Black "Salvador, Roland"]
[Result "1-0"]
[WhiteElo "2225"]
[BlackElo "2135"]

1.e4 c5 2.c3 Nf6 3.e5 Nd5 4.d4 cxd4 5.Nf3 Nc6 6.Bc4 Nb6 7.Bb3 d6 8.exd6 Qxd6
9.Na3 a6 10.cxd4 e6 11.O-O Be7 12.Qd3 Bf6 13.Rd1 O-O 14.Ng5 Bxg5 15.Bxg5 f6
16.Bh4 Nb4 17.Qe2 Kh8 18.Rac1 N4d5 19.Bg3 Qd8 20.Nc4 Nxc4 21.Bxc4 b5 22.Bxd5 Qxd5
23.Rc5 Qxa2 24.Qe4 Bd7 25.Rh5 h6 26.Bf4 f5 27.Qe3 Be8 28.Be5 Kh7 29.Bxg7 f4
30.Qe5 Bxh5 31.Bxf8 Rxf8 32.Qxh5 Qxb2 33.h3 f3 34.g4 Rf6 35.Qc5 Rf7 36.Re1 Qb3
37.Qd6 Qd5 38.Qxa6 Re7 39.Qb6 Kg7 40.Re5 Qb3 41.Re3 Qd5 42.Re5 Qb3 43.Qd6 Re8
44.Qd7+ Kf8 45.Re3 Qd1+ 46.Kh2 Re7 47.Qd6 Ke8 48.Qb8+ Kf7 49.Qf4+ Ke8 50.Rxf3 b4
51.Qb8+ Kd7 52.Rf8  1-0

[Event "Wch U18 Girls"]
[Site "Oropesa del Mar"]
[Date "1998.11.06"]
[Round "10"]
[White "Rapcsak, Andrea"]
[Black "Voicu, Carmen"]
[Result "1-0"]
[WhiteElo "2060"]
[BlackElo "2120"]

1.e4 c5 2.c3 Nf6 3.e5 Nd5 4.Nf3 e6 5.Bc4 Nb6 6.Bb3 d6 7.O-O Bd7 8.Qe2 Bc6
9.d4 Bxf3 10.Qxf3 Nc6 11.Qe4 d5 12.Qe3 c4 13.Bd1 Ne7 14.b3 Nf5 15.Qe2 Be7
16.Bc2 g6 17.g4 Nh4 18.f4 h5 19.f5 hxg4 20.f6 Nf3+ 21.Rxf3 gxf3 22.fxe7 fxe2
23.exd8=Q+ Rxd8 24.Bd2 Kd7 25.Na3 Rh3 26.Re1 Rdh8 27.Rxe2 a6 28.Rf2 R8h7
29.Nb1 cxb3 30.axb3 Nc8 31.Bf4 Ne7 32.Bg3 b5 33.Nd2  1-0

[Event "Chigorin mem"]
[Site "St. Petersburg"]
[Date "1998.11.06"]
[Round "6"]
[White "Potkin, Alexey V"]
[Black "Shaposhnikov, Evgeny"]
[Result "0-1"]
[WhiteElo "2325"]
[BlackElo "2440"]

1.e4 c5 2.c3 Nf6 3.e5 Nd5 4.d4 cxd4 5.Nf3 d6 6.cxd4 Nc6 7.Bc4 Nb6 8.Bb3 dxe5
9.d5 Nb4 10.Nc3 e6 11.Bg5 Be7 12.dxe6 Bxg5 13.exf7+ Kf8 14.Nxg5 Qxg5 15.O-O Nc6
16.f4 Qe7 17.Qh5 Be6 18.Rae1 Bxb3 19.axb3 e4 20.Nxe4 Qxf7 21.Qh3 Kg8 22.f5 Nd5
23.f6 Nxf6 24.Nd6 Qd7 25.Re6 Nd4 26.Rfxf6 Nxe6 27.Rxe6 Qc7 28.Qf5 b6 29.h3 Qc5+
30.Qxc5 bxc5 31.Re7 h5 32.Ne4 Rh6 33.Nxc5 Rf6 34.h4 Rf7 35.Re5 g6 36.Ne4 Rb8
37.Ng5 Rd7 38.Re3 Rb6 39.Kh2 Rdb7 40.b4 Rxb4  0-1

[Event "SWE-chT 9899"]
[Site "Sweden"]
[Date "1998.11.07"]
[Round "4"]
[White "Nygren, David"]
[Black "Andersson, Mats"]
[Result "0-1"]
[WhiteElo "2150"]
[BlackElo "2320"]

1.e4 c5 2.c3 Nf6 3.e5 Nd5 4.d4 cxd4 5.Nf3 e6 6.cxd4 d6 7.Bc4 Nb6 8.Bb3 Bd7
9.Nc3 Bc6 10.O-O N8d7 11.Ng5 Be7 12.Qh5 g6 13.Qh6 Bf8 14.Qh3 dxe5 15.dxe5 Bg7
16.f4 Nc5 17.Bc2 h6 18.Rd1 Qe7 19.Nge4 Nxe4 20.Bxe4 O-O 21.Bxc6 Qc5+ 22.Be3 Qxc6
23.Rd6 Qc4 24.Rd4 Qc6 25.Rc1 Rfc8 26.Rd6 Qc4 27.Rcd1 Qb4 28.Bxb6 axb6 29.Qf3 Qxb2
30.Ne4 Ra3 31.Qg4 Re3 32.R6d2 Rc2 33.Rxc2 Qxc2 34.Nf2 Bf8 35.Qh4 Re2 36.Ng4 Qxd1+  0-1

[Event "SLO-chT"]
[Site "Bled"]
[Date "1998.11.08"]
[Round "2"]
[White "Sermek, Drazen"]
[Black "Grosar, Aljosa"]
[Result "1/2-1/2"]
[WhiteElo "2550"]
[BlackElo "2450"]

1.e4 c5 2.c3 Nf6 3.e5 Nd5 4.Nf3 Nc6 5.Bc4 Nb6 6.Bb3 c4 7.Bc2 Qc7 8.Qe2 g5
9.e6 dxe6 10.Nxg5 Qe5 11.Ne4 f5 12.Ng3 Qxe2+ 13.Kxe2 Bh6 14.Na3 O-O 15.b3 cxb3
16.axb3 e5 17.d3 Bxc1 18.Rhxc1 Nd5 19.Kd2 Rd8 20.Re1 Nf4 21.f3 Kf7 22.Nc4 Kf6
23.b4 b5 24.Ne3 a5 25.bxa5 Nxa5 26.Ra3 Be6 27.Rb1 Bc4 28.Ke1 Bxd3 29.Rba1 Bxc2
30.Nxc2 Nxg2+ 31.Ke2 Nf4+ 32.Ke1 Rac8 33.Rxa5 Rxc3 34.R1a2 Ng2+ 35.Ke2 Nf4+
36.Ke1 Rb3 37.Na3 b4 38.Nc4 Rb1+ 39.Kf2 Rdd1 40.Nxe5 e6 41.Nc4 b3 42.Rd2 Rdc1
43.Ne3 b2 44.Rb5 Nh3+ 45.Kg2 Nf4+ 46.Kf2 Nh3+ 47.Kg2  1/2-1/2

[Event "ISR-ch"]
[Site "Ramat Aviv"]
[Date "1998.11.08"]
[Round "1.2"]
[White "Ofek, Ram"]
[Black "Gruenfeld, Yehuda"]
[Result "0-1"]
[WhiteElo "2245"]
[BlackElo "2475"]

1.e4 c5 2.c3 Nf6 3.e5 Nd5 4.d4 cxd4 5.Nf3 Nc6 6.Bc4 Nb6 7.Bb3 d5 8.exd6 Qxd6
9.O-O Be6 10.Bxe6 Qxe6 11.Nxd4 Nxd4 12.cxd4 Qd7 13.Nc3 e6 14.Qg4 Nd5 15.Nxd5 Qxd5
16.Be3 h5 17.Qd1 Bd6 18.Qa4+ Ke7 19.Rac1 a6 20.Rc3 Rac8 21.Rfc1 Rxc3 22.Rxc3 f6
23.a3 Rd8 24.Qc4 Qxc4 25.Rxc4 Kd7 26.f4 b5 27.Rc2 Rc8 28.Rxc8 Kxc8 29.Kf2 Kd7
30.Kf3 Kc6 31.Ke4 f5+ 32.Kd3 Kd5 33.Bd2 Bc7 34.g3 a5 35.b3 a4 36.b4 h4 37.Be3 h3
38.Bc1 Bd8 39.Be3 Bf6 40.Bg1 g5 41.Bf2 Be7 42.Be1 Bd8 43.Bd2 gxf4 44.Bxf4 Bf6
45.Be3 e5 46.dxe5 Bxe5 47.Bf2 Bb2 48.Be1 Bxa3 49.Bc3 Bc1 50.Be1 Bg5 51.Bc3 Be7
52.Ke3 Bd6  0-1

[Event "Chigorin mem"]
[Site "St. Petersburg"]
[Date "1998.11.08"]
[Round "8"]
[White "Sivokho, Sergey"]
[Black "Aseev, Konstantin N"]
[Result "1/2-1/2"]
[WhiteElo "2425"]
[BlackElo "2525"]

1.e4 c5 2.c3 Nf6 3.e5 Nd5 4.g3 d6 5.exd6 e6 6.Bg2 Bxd6 7.Nf3 Nc6 8.O-O O-O
9.d4 cxd4 10.Nxd4 Nxd4 11.Qxd4 Qc7 12.Nd2 Bd7 13.Ne4 Be5 14.Qd3 Rac8 15.Re1 Bc6
16.Qe2 b5 17.Bd2 Nf6 18.Bg5 Nxe4 19.Bxe4 Bd6 20.Rad1 h6 21.Bxc6 Qxc6 22.Qd2 hxg5
23.Qxd6 Qxd6 24.Rxd6 Rfd8 25.Red1 Rxd6 26.Rxd6 a5 27.Kf1 a4 28.Rd3 Kf8 29.b3 Ke7
30.h3 f6 31.Ke2 e5 32.Re3 axb3 33.axb3 Kd6 34.h4 gxh4 35.gxh4 f5 36.Rg3 f4
37.Rg6+ Kd5 38.c4+ bxc4 39.bxc4+ Rxc4 40.Rxg7 Rc3 41.f3 Rc2+ 42.Kf1 Kd4 43.Ra7 Rh2  1/2-1/2

[Event "SLO-chT"]
[Site "Bled"]
[Date "1998.11.10"]
[Round "4"]
[White "Sveshnikov, Evgeny"]
[Black "Kozul, Zdenko"]
[Result "1/2-1/2"]
[WhiteElo "2575"]
[BlackElo "2570"]

1.e4 c5 2.c3 Nf6 3.e5 Nd5 4.Nf3 d6 5.d4 cxd4 6.cxd4 Nc6 7.Bc4 e6 8.O-O Be7
9.Qe2 O-O 10.Re1 Bd7 11.Nc3 Nxc3 12.bxc3 dxe5 13.dxe5  1/2-1/2

[Event "SLO-chT"]
[Site "Bled"]
[Date "1998.11.11"]
[Round "5"]
[White "Kos, Toni"]
[Black "Soln, Primoz"]
[Result "0-1"]
[WhiteElo "2305"]
[BlackElo "2470"]

1.e4 c5 2.c3 Nf6 3.e5 Nd5 4.g3 d6 5.exd6 Qxd6 6.Bg2 Nc6 7.Na3 Nc7 8.Nc4 Qd3
9.Qe2 Bf5 10.Qxd3 Bxd3 11.Bxc6+ bxc6 12.Ne5 Ba6 13.d3 f6 14.Nc4 e5 15.f3 O-O-O
16.Ke2 Be7 17.Nh3 Rhe8 18.Be3 f5 19.Nf2 Nd5 20.Rhe1 Bxc4 21.dxc4 Nxe3 22.Kxe3 Bg5+
23.Ke2 Rd2+ 24.Kf1 Rxb2 25.Re2 Rxe2 26.Kxe2 h5 27.Rd1 Bf6 28.Nd3 e4 29.Nxc5 exf3+
30.Kxf3 Bg5 31.Rd6 Re3+ 32.Kf2 Rxc3 33.Rxc6+ Kd8 34.Ne6+ Kd7 35.Ra6 Be3+
36.Ke2 Bb6 37.Nxg7 Rxc4 38.Nxf5 Rc2+ 39.Kf3 Rxh2  0-1